Normal view
MARC view
- سيارات -اصلاح-صيانة السيارات
Entry Topical Term
001 - CONTROL NUMBER
- control field: 35853
003 - CONTROL NUMBER IDENTIFIER
- control field: JO-AjAnu
005 - DATE AND TIME OF LATEST TRANSACTION
- control field: 20230606080006.0
008 - FIXED-LENGTH DATA ELEMENTS
- fixed length control field: 230606|| aca||aabn | a|a d
040 ## - CATALOGING SOURCE
- Original cataloging agency: JO-AjAnu
- Transcribing agency: JO-AjAnu
150 ## - HEADING--TOPICAL TERM
- Topical term or geographic name entry element: سيارات -اصلاح-صيانة السيارات
670 ## - SOURCE DATA FOUND
- Source citation: Work cat.: (JO-AjAnu)18409: مجموعة مهندسين , author 35852, السيارات-: دراسة وافية عن السيارات